000 00551nam a2200217Ia 4500
003 OSt
005 20220923230822.0
006 a|||||r|||| 00| 0
007 ta
008 Pun
024 _a305,830
037 _cTextual
040 _aARTS
_cARTS
_bPun
041 _2Pun
_aPun
082 _aQ8441:21, 153M9
100 _aਨਾਨਕ ਸਿੰਘ
245 0 _aਦੇਵ ਲੋਕ ਭਗਤਨ ਕੀ ਬਾਣੀ
260 _c1989
942 _hQ8441:21, 153M9
_cTEXL
_2CC
999 _c387617
_d387617